[Event "Sigeman & Co 13th"]
[Site "Malmo/Copenhagen"]
[Date "2005.04.18"]
[Round "4"]
[White "Sasikiran, Krishnan"]
[Black "Hansen, Curt"]
[Result "1-0"]
[WhiteElo "2642"]
[BlackElo "2633"]
[Annotator "Marin,M"]
[PlyCount "97"]
[EventDate "2005.04.15"]
[EventType "tourn"]
[EventRounds "9"]
[EventCountry "SWE"]
[EventCategory "13"]
[SourceTitle "CBM 107"]
[Source "ChessBase"]
[SourceDate "2005.08.01"]
[SourceVersion "1"]
[SourceVersionDate "2005.08.01"]
[SourceQuality "1"]

1. d4 Nf6 2. c4 e6 3. Nc3 d5 4. cxd5 exd5 5. Bg5 c6 6. Qc2 Be7 7. e3 Nbd7 8.
Bd3 O-O 9. Nge2 Re8 10. O-O Nf8 11. f3 {In this variation White's main plan is
to prepare and carry out the advance of the e-pawn, in order to get a spatial
advantage in the centre and attacking chances on the king side. Black's
counterplay is connected with exerting pressure against the enemy centre as
well as against the squares left behind by the enemy pawns; specifically, he
hopes to get to carry out a well timed break with ...c5. A typical scenarion
is e4 dxe4, fxe4 Ng4, Bxe7 Qxe7, Qd2 c5. However, playing ...c5 too early is
not a good idea, since at some moment Black would have to release the tension
with either ...cxd4 or ...c4, in both cases with better chances for White. The
preparatory phase of these typical moves (e4 and ...c5) is critical for the
final outcome of the opening.} Ng6 {Cutting away the bishop's retreats.} ({
Many players prefer to oppose a rook to the enemy queen as soon as possible
with} 11... Be6 12. Rad1 Rc8 {B1/2-1/2 Breutigam,M (2403)-Rabiega,R (2539)/
Altenkirchen 2005/CBM 106/[Marin] (49) as, for instance, in a recent game:})
12. Rad1 Be6 13. h3 $5 {A rare move. White takes the g4-square under control,
in order to play e4 with all the comfort. However, this early weakening of the
king side can help Black to orientate his play in the next phase of the game.}
(13. Kh1 Rc8 14. e4 dxe4 15. fxe4 Ng4 16. Bc1 c5 $132 {1/2-1/2 Sadler,M (2626)
-Asrian,K (2575)/Las Vegas 1999/CBM 072/[Baburin] (50)}) (13. Ng3 Rc8 $13 {
1-0 Bareev,E (2685)-Jussupow,A (2655)/Munich 1994/CBM 042/[Ftacnik] (52)})
13... Rc8 {This standard move might be too slow here. Black should probably
exchange the dark squared bishops and transfer the queen to h4 as soon as
possible, in order to take advantage of the dark side of the move h3.} ({True,
} 13... Nh5 14. Bxe7 Qxe7 {doesn't achieve this aim because of} 15. g4 $1 Nf6
16. Ng3 Rad8 17. Qf2 Bc8 18. Rfe1 Qd6 19. f4 $14 {1/2-1/2 Voyna,A (2614)
-Johansson,I (2493)/ICCF Email 2001/Corr 2004 (39)}) ({However,} 13... Nd7 {
might be the best reaction, for instance} 14. Bxe7 Qxe7 15. e4 Qh4 16. e5 {
(White doesn't gain anything by delaying this move, since Black still has
moves to strengthen the position at his disposal, such as ...Rac8.)} Ne7 17. f4
g6 18. Kh2 Bf5 $132 {The white mass of pawns is under control. White's pieces
are not optimally placed to put them into motion. Black might play ...Nf8,
followed by ...Bxd3 and ...f5, or ...Rac8 and ...c5 (eventually after ...b6).})
14. a3 $146 {I do not see the necessity of playing this move at such an early
stage of the game.} (14. e4 $5 {looks stronger:} Nh5 (14... c5 {1-0 Lisko,F 
(2325)-Israel,J (2213)/Bad Wiessee 2001/EXT 2003 (22)} 15. e5 $1 Nd7 16. Bxe7
Qxe7 17. f4 c4 18. Bf5 $14 {Black can do little to stop the further advance of
the f-pawn.}) (14... dxe4 15. fxe4 c5 {doesn't seem to work because of} 16. Bb5
$1 (16. d5 c4 $1 $13) (16. e5 Nd5 $11) 16... Bd7 (16... Rf8 17. d5 $18) 17.
Bxf6 Bxf6 18. dxc5 Ne5 19. b4 $16 {The control over the dark squares doesn't
seem to offer Black enough compensation for the missing pawn. White has
considerable advantage of space and an excellent outpost for his knight on d5.}
) 15. Be3 $1 (15. Bxe7 Qxe7 16. e5 Qh4 $132 17. Kh2 Nhf4 18. Nxf4 Nxf4 {
[%csl Yg2,Yh3] ><h3, g2}) (15. Bc1 $5) 15... dxe4 (15... Bg5 {leaves Black
with problems after} 16. f4 dxe4 17. Nxe4 Bh6 18. g4 $1) 16. fxe4 Bg5 17. Qc1
Bxe3+ 18. Qxe3 $14) 14... b6 $6 {This move is not only too slow, but it also
weakens the light squares.} ({Once again, Black could have continued with} 
14... Nd7 $1 15. Bxe7 Qxe7 16. e4 Qh4 $132 {when the inclusion of the moves ...
Rc8 and a3 certainly favours him.}) 15. e4 $1 dxe4 16. fxe4 Qc7 17. e5 Nd5 18.
Bxe7 Qxe7 19. Nxd5 cxd5 ({In case of} 19... Bxd5 20. Nc3 {Black would have had
problems maintaining the blockade on d5, because the knight would not dispose
over the e7-square.}) 20. Qd2 {[%csl Rf7][%cal Yf1f3,Yd1f1,Yd2e3] The start of
a natural and strong regrouping.} Rf8 21. Qe3 Qh4 22. Rf3 Rce8 23. Rdf1 $16 {
[%cal Ye2g3,Yg3f5] White has strong pressure, while Black has no counterplay
at all. The attempt to free his position will only lead to an even more
unpleasant endgame.} f6 24. exf6 Rxf6 25. Rxf6 gxf6 26. Qg3 Qg5 27. Kh2 Qxg3+
28. Nxg3 Rf8 29. Nh5 f5 30. Kg3 Ne7 31. Rc1 Rc8 32. Rxc8+ Bxc8 33. Kf4 Kf7 34.
Ke5 Nc6+ 35. Kxd5 Bb7 36. Nf4 Kf6 37. Kc4 Kg5 38. g3 h5 39. d5 Na5+ 40. Kd4 h4
41. Ne2 hxg3 42. Nxg3 Kf4 43. Ne2+ Kf3 44. Nc1 Bc8 45. b4 Nb7 46. Ke5 f4 47.
Ne2 Bxh3 48. Nxf4 Bd7 49. Ne6 1-0

[Event "GER-ch 76th"]
[Site "Altenkirchen"]
[Date "2005.02.24"]
[Round "7"]
[White "Breutigam, Martin"]
[Black "Rabiega, Robert"]
[Result "1/2-1/2"]
[WhiteElo "2403"]
[BlackElo "2539"]
[Annotator "Marin,M"]
[PlyCount "97"]
[EventDate "2005.02.18"]
[EventType "swiss"]
[EventRounds "9"]
[EventCountry "GER"]
[SourceTitle "CBM 106"]
[Source "ChessBase"]
[SourceDate "2005.06.06"]
[SourceVersion "1"]
[SourceVersionDate "2005.06.06"]
[SourceQuality "1"]

1. d4 d5 2. c4 e6 3. Nc3 Nf6 4. cxd5 exd5 5. Bg5 Be7 6. e3 O-O 7. Qc2 Nbd7 8.
Bd3 Re8 9. Nge2 c6 10. O-O Nf8 11. Rad1 Be6 12. f3 Rc8 13. Kh1 {The most
popular move. White does not rush in advancing his e-pawn, but spends some
time on prophylaxy.} (13. e4 dxe4 14. fxe4 Ng4 $132 {1-0 Timman,J-Jussupow,A/
Riga 1995/CBM 047/[Ftacnik] (38)}) (13. a3 a6 {Illescas Cordoba,M-Campora,D/
ESP-chT/1994/0.5 (42)} (13... N6d7 {Kamsky,G-Van der Sterren,P/Wijk aan Zee (m/
4)/1994/1-0 (39)})) 13... a6 $5 {A rare move. Black intends to play c6-c5
without having to fear Bb5. Later, the move ...a6 will prove useful for the
queen side plan anyway, by supporting ...b5.} (13... N6d7 {is a more common
move}) 14. a3 {White adopts a similar startegy. The modest advance of the
a-pawn is designed to slow down Black's queen side play at a later stage.} (14.
e4 $5 {is the critical continuation} dxe4 (14... N6d7 15. Be3 {would allow
White win a tempo if compared to the game.}) 15. fxe4 Ng4 16. Bc1 Bg5 17. h3
Be3 $6 (17... Ne3 $5 18. Bxe3 Bxe3) (17... Bxc1 18. Qxc1 $14) 18. Ng1 (18. Nf4
$5) 18... Bxg1 19. Rxg1 Qh4 20. Rgf1 Red8 21. Kg1 Nf6 22. Rf4 Qh5 23. e5 $6 (
23. Qf2 $1 $16 Ng6 24. Be2 $1 Qg5 25. h4 $1 Qa5 26. Rxf6 gxf6 27. Qxf6 $40)
23... Nd5 24. Be2 Qg6 25. Bd3 Qh5 26. Be2 {1/2-1/2 Aschenbrenner,R-Baumgartner,
H/Austria 2004/EXT 2005}) 14... N6d7 15. Bf4 ({As usual in the Karlsbad
structure, the exchange of the dark squared bishops would make Black's play
easier.} 15. Bxe7 Qxe7 16. e4 dxe4 17. fxe4 c5 18. d5 Bg4 $132 {[%csl Re5]})
15... c5 16. Qd2 c4 (16... cxd4) 17. Bb1 b5 18. e4 Nb6 19. Be3 Qd7 20. e5 $6 (
20. Nf4 $5 {[%csl Rd5,Re6][%cal Ye4e5,Rf4e6]}) 20... a5 21. f4 Bg4 $132 {
Black has managed to keep the white central pawns under control and put his
own queen side pawns into motion. His chances are not worse.} 22. Rde1 b4 23.
axb4 axb4 24. Nd1 Bf5 25. Bxf5 Qxf5 26. Ng3 Qd7 27. f5 c3 28. bxc3 bxc3 29. Qe2
c2 30. Nf2 Nc4 31. Bf4 Bh4 32. Nd3 Nd6 33. Nc5 Qb5 34. Qxc2 Bxg3 35. Bxg3 Ne4
36. Qd1 Nxc5 37. dxc5 Rxc5 38. h3 Rc3 39. Kh2 Qc4 40. Rf4 Qd3 41. Rf3 Qxd1 42.
Rxd1 Rxf3 43. gxf3 g6 44. fxg6 hxg6 45. Rxd5 Ne6 46. Ra5 Rc8 47. Ra2 Rc3 48.
Kg2 g5 49. h4 1/2-1/2

[Event "GER-ch 76th"]
[Site "Altenkirchen"]
[Date "2005.02.19"]
[Round "2"]
[White "Khenkin, Igor"]
[Black "Namyslo, Holger"]
[Result "1-0"]
[WhiteElo "2604"]
[BlackElo "2314"]
[Annotator "Marin,M"]
[PlyCount "161"]
[EventDate "2005.02.18"]
[EventType "swiss"]
[EventRounds "9"]
[EventCountry "GER"]
[SourceTitle "CBM 106"]
[Source "ChessBase"]
[SourceDate "2005.06.06"]
[SourceVersion "1"]
[SourceVersionDate "2005.06.06"]
[SourceQuality "1"]

1. d4 d5 2. c4 e6 3. Nf3 Nf6 4. Nc3 c6 5. Bg5 Nbd7 6. cxd5 exd5 7. Qc2 Be7 8.
e3 O-O 9. Bd3 Re8 10. h3 Nf8 11. O-O g6 {A multi-purpose move. Black frees the
f8-knight from the task of defending the h7-pawn, clearing at the same time
the g7-square inview of the manoeuvre Ne6-g7. This will ensure almost by force
the exchange of the light squared bishops, which is supposed to solve part of
Black's strategic problems. However, there are two main drawbacks of this plan.
First of all, it is a bit slow, allowing White to carry out his quesn side
plan unhindered. Secondly, the relative weakness of the h3-pawn will lose all
its significance and Black will have no chances of a king side attack.} 12.
Rab1 (12. Bxf6 Bxf6 13. b4 {is an important alternative.}) 12... Ne6 13. Bh4 (
13. Bh6) (13. Bxf6) 13... Ng7 14. b4 a6 15. a4 Bf5 {This was by far not the
first time Khenkin had this position as White.} 16. Bxf6 {However, this is the
first time he captures on f6 at such an early stage.} ({A possible reason for
thisdecision is that in the following game he failed to obtain any advantage
with the approved continuation:} 16. b5 axb5 17. axb5 Bxd3 18. Qxd3 Nd7 $5 $146
19. bxc6 bxc6 20. Bxe7 Qxe7 21. Rfc1 Ne6 22. Qc2 Qd6 23. Ne2 Rec8 24. Rb3 Ra3
25. Rc3 Rxc3 {1/2-1/2 Khenkin,I-Asrian,K/Moscow 2001/CBM 086. Black is
perfectly regrouped and can play c6-c5 at his convenience, causing major
simplifications with a probable draw.}) 16... Bxf6 17. b5 axb5 18. axb5 Bxd3
19. Qxd3 Ra3 {Black aims to get queen side counterplay by activating his major
pieces.} ({The main alternative is} 19... Nf5 20. bxc6 bxc6 {when we would
reach by different move order a position that had already occured in Khenkin's
practice (White played 16.b5 and exchanged on f6 only after 18...Nf5). The
better pawn structure offers White a minimal but long term advantage. Black
would equalize completely only if he would manage to occupy the c4-square with
his knight or provoke mass simplifications.} 21. Rfc1 Ra3 22. Qc2 Qa8 23. Rb6
$5 {[%csl Rc6,Rd5][%cal Yb6f6] A significant improvement over a previous game
of Khenkin. Before improving the placement of the c3-knight, White puts
pressure on Black's queen side pawns, thus forcing him to misplace one of his
minor pieces.} ({The straightforward} 23. Ne2 Rc8 24. Nf4 Nd6 25. Nd2 Ra2 26.
Qd1 Qa6 27. Ra1 Rxa1 28. Rxa1 Qb5 29. Qb3 Qxb3 30. Nxb3 Be7 31. Nd3 Nc4 $11 {
[%csl Yc4] 1/2-1/2 Khenkin,I-Dreev,A/Borzhomi 1988/EXT 97 (67). Black has
managed to get the optimal regroupment.}) 23... Ne7 {Now, the knight will be
too far from the c4-square.} (23... Nd6 $2 24. Nxd5 $1 $16) (23... Bg7 $2 24.
Nb1 $1 {[%csl Ya3][%cal Yb6c6]}) (23... Bd8 $5) 24. Ne2 Ra2 25. Rb2 Rxb2 26.
Qxb2 Qa7 27. Nf4 Rb8 28. Qc2 Qa3 29. g4 h6 30. Qc5 Qb2 31. Kg2 Rb7 32. Nd3 Qe2
33. Qc2 Qxc2 34. Rxc2 $14 h5 $6 35. gxh5 g5 36. Nde5 Rc7 37. Rc5 Kg7 38. h6+
Kxh6 39. Nxf7+ Kg6 40. N7e5+ Kf5 41. Ng4 $18 {1-0 Khenkin,I-Bruzon Bautista,L/
Cali 2000/CBM 079 ext (53)}) 20. bxc6 (20. Ra1 {is rarely seen, but contains
some hidden tactical ideas:} Qa5 $2 (20... Qa8 21. Nxd5 Rxd3 22. Nxf6+ Kf8 (
22... Kh8 23. Ne5 $3 $18 {/\Nxf7#, /\Rxa8, Nxd3}) 23. Rxa8 Rxa8 24. Ne5 Rc3 25.
bxc6 bxc6 26. Nxh7+ Kg8 (26... Ke7 27. Rb1 $1) 27. Ng5 $44 {/+/=} f6 $2 28. Ne4
$16) (20... Qe7 $5) 21. Nxd5 $1 Rxa1 22. Nxf6+ Kf8 23. Nxe8 Nxe8 24. bxc6 bxc6
25. Ne5 $18 {1-0 Pomes Marcet,J-Glavina Rossi,P/Pamplona 2003/CBM 097 ext (29)}
) 20... bxc6 21. Qc2 ({Here too} 21. Ra1 {deserves investigation, with the
same tactical tricks as in the previous comments.}) 21... Qa8 $146 (21... Qa5 {
has been played once, but the game is not too relevant:} 22. Nd1 $6 (22. Ne2) (
22. Rfc1) 22... Rc8 23. Qb2 Nf5 24. Qb7 Nd6 25. Qd7 Qd8 26. Qxd8+ Bxd8 27. Rc1
Nc4 28. Nc3 Ba5 29. Nb1 Rb3 $132 {1/2-1/2 Suuronen,P-Salimaki,J/Helsinki 2003/
EXT 2005 (34)}) (21... Nf5 {would transpose after} 22. Rfc1 {to 19...Nf5.}) 22.
Qb2 Ne6 {If Black will not manage to play ...c5 under favourable circumstances,
this will be a passive square for the knight.} (22... Nf5 $5) 23. Ra1 Ra6 24.
Rxa6 Qxa6 25. Ra1 Qc8 26. Qb6 Re7 27. Rc1 {[%cal Yc3d5]} Qa8 28. Ne2 Rc7 29. g4
Rc8 30. Kg2 $14 {White has stabilised the position and can play for a win
without any risk.} Bd8 31. Qb4 Qa7 32. Qb3 Bf6 33. Rc2 Kg7 34. Nc1 h5 35. gxh5
gxh5 36. Qd3 Rg8 37. Qf5 Kf8+ 38. Kf1 Qa6+ 39. Qd3 Qa4 40. Qb3 Qa6+ 41. Qd3 Qa4
42. Ra2 Qb4 43. Qb3 Qd6 44. Nd3 Kg7 45. Ra7 c5 46. dxc5 Nxc5 47. Qb4 Ne4 48.
Qxd6 Nxd6 49. Nf4 Kh6 50. Nxd5 Bg7 51. Rd7 Bf8 52. Ne5 Kg7 53. f4 Rh8 54. Ke2
Rh6 55. Kf3 Kg8 56. Rd8 Kg7 57. Nd7 Rh8 58. Nxf8 Nf5 59. e4 Nh4+ 60. Kg3 Ng6
61. Nxg6 Rxd8 62. Nge7 Ra8 63. Kh4 Ra3 64. Nf5+ Kg6 65. Ng3 Ra4 66. f5+ Kh6 67.
Nf6 Ra3 68. Nfxh5 Ra6 69. Kg4 f6 70. h4 Kh7 71. Ne2 Kg8 72. Nef4 Kf7 73. Nd5
Ra1 74. Nhxf6 Rf1 75. h5 Rg1+ 76. Kf3 Rh1 77. e5 Rf1+ 78. Ke4 Re1+ 79. Kd4 Rd1+
80. Kc5 Kg7 81. e6 1-0

[Event "ARM-ch 66th"]
[Site "Yerevan"]
[Date "2006.03.20"]
[Round "5"]
[White "Kotanjian, Tigran"]
[Black "Asrian, Karen"]
[Result "1-0"]
[WhiteElo "2471"]
[BlackElo "2646"]
[Annotator "Marin,M"]
[PlyCount "145"]
[EventDate "2006.03.16"]
[EventType "tourn"]
[EventRounds "9"]
[EventCountry "ARM"]
[EventCategory "11"]
[SourceTitle "CBM 112"]
[Source "ChessBase"]
[SourceDate "2006.06.07"]
[SourceVersion "1"]
[SourceVersionDate "2006.06.07"]
[SourceQuality "1"]

1. d4 {Mueller,Karsten} Nf6 2. c4 e6 3. Nc3 d5 4. cxd5 exd5 5. Bg5 Nbd7 6. e3
Be7 7. Nf3 c6 8. Bd3 O-O 9. Qc2 Re8 10. O-O Nf8 11. h3 Be6 {One of the main
modern tabyias of the exchange variation.} 12. a3 (12. Ne5 {1/2-1/2
Kazhgaleyev,M (2613)-Eliet,N (2430)/Vandoeuvre 2005/CBM 106/[Marin] (38)}) (12.
Rab1 Ne4 $5 {1/2-1/2 Malakhov,V (2670)-Popov,V (2568)/Warsaw 2005/CBM 108/
[Marin] (104)} (12... N6d7 {CBM 107 0-1 Lytchak,A (2436)-Boensch,U (2540)/
Germany 2005/CBM 107/[Marin] (37)})) (12. Rfc1 {1/2-1/2 Li Wenliang (2422)
-Jussupow,A (2601)/Minneapolis 2005/CBM 107/[Marin] (32)}) 12... N6d7 (12...
Rc8 {0-1 Graf,A (2637)-Jussupow,A (2582)/Altenkirchen 2005/CBM 106/[Marin] (26)
}) 13. Bf4 {This is considered to be White's best chance for an advantage.
Because of his lack of space, Black is interested to exchange one pair of
minor pieces. By avoiding it, White is supposed to have better chances to
preserve his initial advantage. The opposite aspect of the problem is that for
endgame purposes the exchange of the dark squared bishops favours White, since
most of Black's queen side pawns find themselves on light squares.} Nb6 14. b4
({The seemingly active knight jump} 14. Ne5 {only helps Black win time for the
plan of exchanging the light-squared bishops with} f6 15. Nf3 Bf7 16. Nd2 Bg6
17. b4 Qd7 18. Rab1 a6 19. a4 Rac8 20. Bg3 Bxd3 21. Qxd3 Ne6 22. Rfc1 Bf8 23.
b5 axb5 24. axb5 c5 $132 {1-0 Dautov,R (2604)-Graf,A (2630)/playchess.com 2003/
CBM 092 ext (70)}) (14. Rfc1 a5 $5 (14... Bd6) 15. Na4 $6 (15. b3 {[%cal Yc2b2,
Yb3b4]}) 15... Nxa4 16. Qxa4 Ng6 17. Bh2 Bd6 18. Bxd6 Qxd6 19. Qc2 Qe7 20. Qc5
Qf6 21. Qd6 Red8 22. Qg3 a4 23. Rab1 Bf5 $15 {0-1 Obodchuk,A (2430)-Smagin,S 
(2540)/Moscow 1995/CBM 046 (50)}) 14... Bd6 {Finally trading these bishops.} ({
Curiously, the plan from the game Dautov-Graf has been employed even with the
missing tempi:} 14... f6 15. Nd2 (15. Bg3 $5 Bf7 $140 {[%cal Gf7g6]} 16. Nh4 {
[%csl Gg6]}) 15... Bf7 16. Nb3 Nc4 $132 {1/2-1/2 Janjgava,L (2425)-Dokhoian,Y 
(2515)/Vilnius 1988/CBM 007 (33)}) 15. Bxd6 Qxd6 16. Rfc1 a6 17. a4 ({Here is
an example of where carelessness can lead White to:} 17. Nd2 Qe7 18. Ne2 $6 {
By refraining from creating concrete queen side threats, White puts himself in
a very dangerous situation.} (18. a4 $1) 18... Nc8 $1 {By transferring his
knight to d6, Black secures himself against the minority's attack and sustains
the exchange of the remaining bishops.} 19. Qb2 Nd6 20. a4 Bf5 $1 21. Bxf5 Nxf5
22. Nc3 (22. b5 Nxe3 $1) 22... Ng6 23. b5 {Too late.} Ngh4 {The white king
side is under serious pressure now.} 24. Nf1 Qg5 25. f4 Qd8 26. bxc6 bxc6 27.
Qf2 Nd6 28. g3 Nhf5 $17 {0-1 Pelletier,Y (2579)-Gurevich,M (2633)/Gibraltar
2006/CBM 110 ext (46)}) 17... f6 {Under these concrete circumstances, this
plan will fail to bring Black the desired relief.} ({The standard continuation
would be} 17... g6 {, absolving the f8-knight from the task of defending h7.
For instance:} 18. b5 (18. Ne5 Nfd7) (18. Nd2 Nfd7 19. Rab1 Qe7 $132 {[%cal
Ye7g5]}) 18... cxb5 19. axb5 a5 20. Na4 Nxa4 (20... Nfd7 21. Nc5 $14) 21. Rxa4
(21. Qxa4 Nd7 22. Qc2 Nb6 $11) 21... Rec8 (21... Nd7 $2 22. Qd2 $1 b6 23. Rc6
$16) 22. Qd2 Rxc1+ 23. Qxc1 Rc8 24. Qd2 b6 $11) 18. Rab1 Bf7 19. Nh4 $5 {
Without the prior exchange of the dark-squared bishops, this move wouldlose a
piece to ...g5, but here it seems to be a reasonable antidote to Black's
intentions..} Be6 20. Ne2 {Black has weakened his king side without achieving
anything favourable for him. White starts concentrating his minor pieces on
that part of the board in order to put the weaknesses under severe pressure.}
Nc4 $6 {This is a positional concesion already.} 21. Bxc4 $1 dxc4 22. a5 $1 $14
{[%csl Yb6,Yc3,Yc5] White has a nice control on dark squares and an advantage
in the centre.} Nd7 23. Nc3 Bd5 24. Nf5 Qf8 25. e4 Bf7 26. Na4 Rad8 27. Rd1 Kh8
28. f3 $16 {With purposefull play, White has increased his advantage of space.
Black is doomed to passive defence.} Bg6 29. Nh4 Bf7 30. Nc5 g6 31. Nxb7 Rb8
32. Nc5 Nxc5 33. dxc5 Rxb4 34. Rd6 Rxb1+ 35. Qxb1 Re6 36. Qd1 c3 37. g4 c2 38.
Qxc2 Rxd6 39. cxd6 Qxd6 40. Qc3 Kg8 41. Ng2 c5 42. Kf2 c4 43. h4 h6 44. Kf1 h5
45. gxh5 gxh5 46. Kf2 Kg7 47. f4 Qc6 48. Ke3 Qc5+ 49. Kf3 Qg1 50. Qe1 Qd4 51.
Ne3 Qd3 52. Qg1+ Kh7 53. Qd1 Qb3 54. Qd6 c3 55. Qxf6 c2 56. Qf5+ Kg7 57. Qe5+
Kg8 58. Qg5+ Kh7 59. Qf5+ Kg7 60. Qc5 Bc4 61. Kf2 Qc3 62. Nf5+ Kf7 63. Qc7+ Kf8
64. Qd8+ Kf7 65. e5 Qe1+ {'?' Mueller,Karsten.} (65... Qb4 $1 {[%cal Gb4f8]
Mueller,Karsten nun kann die Dame sich leichter gegen den Springer opfern, z.B.
} 66. Nd6+ (66. Qc7+ Kg6 67. Ne7+ Qxe7 68. Qxe7 c1=Q $11) 66... Qxd6 67. exd6
c1=Q $11) 66. Kxe1 c1=Q+ 67. Qd1 Qc3+ (67... Qxf4 {Mueller,Karsten} 68. Qd7+
Kg6 69. Ne7+ Kh6 70. Qd2 Qxd2+ 71. Kxd2 Kg7 72. Kc3 $18) 68. Qd2 (68. Kf2 $18 {
Mueller,Karsten}) 68... Qa1+ 69. Kf2 Qf1+ 70. Kg3 Qg1+ 71. Qg2 Qe1+ 72. Qf2
Qxa5 73. Nd6+ 1-0